[Event "4NCL/Div3/ICENI vs. WWKS2"]
[Site "Staverton Park ENG"]
[Date "2009.02.07"]
[Round "5.5"]
[White "Downham, Alan"]
[Black "Stepanyan, Henrik"]
[Result "1/2-1/2"]
[WhiteElo "1995"]
[BlackElo "1975"]
[PlyCount "59"]
[EventDate "2009.02.07"]
[SourceDate "2008.10.04"]

1. c4 e6 2. g3 d5 3. Bg2 c5 4. Nf3 Nc6 5. cxd5 exd5 6. d4 Nf6 7. O-O Be7 8. Nc3
O-O 9. e3 h6 10. dxc5 Bxc5 11. Qb3 Na5 12. Qb5 Qb6 13. Qd3 Be6 14. Na4 Qb4 15.
Nxc5 Qxc5 16. Bd2 Nc4 17. Bc3 Ne4 18. Bd4 Qb4 19. b3 Ncd6 20. Ne5 Bf5 21. Qe2
Nb5 22. Bb2 Rac8 23. Qh5 Nbd6 24. Rac1 Rxc1 25. Bxc1 Qc3 26. Bxe4 dxe4 27. Ba3
Qxe5 28. Bxd6 Qxd6 29. Qxf5 Qc6 30. Rd1 1/2-1/2

[Event "4NCL/Div3/ICENI vs. WWKS2"]
[Site "Staverton Park ENG"]
[Date "2009.02.07"]
[Round "5.6"]
[White "Stepanyan, Astghik"]
[Black "Botham, Paul"]
[Result "1/2-1/2"]
[WhiteElo "1775"]
[BlackElo "2042"]
[PlyCount "74"]
[EventDate "2009.02.07"]
[SourceDate "2008.10.04"]

1. d4 Nf6 2. c4 g6 3. Nc3 d5 4. Nf3 Bg7 5. e3 O-O 6. Bd3 c6 7. O-O b6 8. a4 a5
9. b3 Bb7 10. Ba3 Nbd7 11. Rc1 dxc4 12. bxc4 Re8 13. e4 e5 14. d5 Bf8 15. Bxf8
Kxf8 16. Qd2 Kg7 17. Rfd1 Qc7 18. Qb2 Rab8 19. Bc2 Nc5 20. dxc6 Bxc6 21. Nd5
Bxd5 22. cxd5 Qd6 23. Nd2 Nfd7 24. Nc4 Qc7 25. d6 Qd8 26. Nxe5 Nxe5 27. f4 f6
28. fxe5 Rxe5 29. Qd4 Qd7 30. Bd3 Rd8 31. Bb5 Qb7 32. Re1 Qf7 33. Rcd1 Qe6 34.
Bc6 Kf8 35. Rf1 Kg7 36. Rfe1 Kf8 37. Qd2 Kg7 1/2-1/2

[Event "4NCL/Div3/CAMB2 vs. GUI5"]
[Site "Staverton Park ENG"]
[Date "2009.02.07"]
[Round "5.1"]
[White "Cooley, Oliver"]
[Black "Gibbs, Daniel"]
[Result "1-0"]
[WhiteElo "2128"]
[BlackElo "1925"]
[PlyCount "53"]
[EventDate "2009.02.07"]
[SourceDate "2008.10.04"]

1. e4 g6 2. d4 Bg7 3. Nc3 d6 4. Be3 a6 5. Qd2 Nd7 6. O-O-O b5 7. h4 h5 8. f3
Bb7 9. Nh3 Rc8 10. Ng5 c5 11. e5 cxd4 12. e6 fxe6 13. Bxd4 Bxd4 14. Qxd4 e5 15.
Bd3 Nf8 16. Qb4 Qd7 17. f4 Qg4 18. Qb3 e6 19. fxe5 d5 20. Rhf1 Nh6 21. Rf6 Qxh4
22. Nxe6 Nxe6 23. Rxe6+ Kd7 24. Rxg6 Qf4+ 25. Kb1 Qxe5 26. Nxd5 Rcf8 27. Bxb5+
1-0

[Event "4NCL/Div3/CAMB2 vs. GUI5"]
[Site "Staverton Park ENG"]
[Date "2009.02.07"]
[Round "5.2"]
[White "McCullough, Simon L"]
[Black "Beckett, Chris J"]
[Result "1-0"]
[WhiteElo "1896"]
[BlackElo "2105"]
[PlyCount "51"]
[EventDate "2009.02.07"]
[SourceDate "2008.10.04"]

1. e4 e6 2. d4 d5 3. exd5 exd5 4. Nf3 Bd6 5. Bd3 Bg4 6. O-O Ne7 7. Re1 c6 8.
Nbd2 Qc7 9. h3 Bh5 10. c4 Bg6 11. Qc2 O-O 12. b3 Na6 13. a3 Rfe8 14. Bb2 Rac8
15. Re2 Bxd3 16. Qxd3 Ng6 17. Rae1 Rxe2 18. Qxe2 Nf4 19. Qe3 Nb8 20. Ne5 Ng6
21. cxd5 cxd5 22. Qf3 Bxe5 23. dxe5 Qd7 24. Rc1 Nxe5 25. Qxd5 Qf5 26. Rxc8+ 1-0

[Event "4NCL/Div3/CAMB2 vs. GUI5"]
[Site "Staverton Park ENG"]
[Date "2009.02.07"]
[Round "5.3"]
[White "Gooding, Ian"]
[Black "Deswarte, Ian"]
[Result "1-0"]
[WhiteElo "2009"]
[BlackElo "1950"]
[PlyCount "125"]
[EventDate "2009.02.07"]
[SourceDate "2008.10.04"]

1. e4 c5 2. Nf3 Nc6 3. d4 cxd4 4. Nxd4 g6 5. c4 Bg7 6. Be3 d6 7. Nc3 Nf6 8. Be2
O-O 9. O-O Bd7 10. Rc1 Rc8 11. Kh1 Ne5 12. b3 Neg4 13. Bg5 Qb6 14. h3 e5 15.
hxg4 Qxd4 16. Qxd4 exd4 17. Bxf6 Bxf6 18. Nd5 Bd8 19. Rfd1 f5 20. gxf5 gxf5 21.
exf5 Bxf5 22. Rxd4 Re8 23. Ne3 Bg5 24. Bg4 Bxg4 25. Rxg4 Re5 26. Rd1 Rf8 27.
Rd5 h6 28. Kg1 Rf4 29. Rxf4 Bxf4 30. Rxd6 Re7 31. Rd3 Kf7 32. g3 Bc7 33. Kg2
Ba5 34. Nf5 Re2 35. a3 Be1 36. Nxh6+ Kg6 37. Ng4 Kg5 38. Kf3 Ra2 39. Rd5+ Kg6
40. a4 Rb2 41. Rb5 b6 42. Ne5+ Kf6 43. Nd3 Rb1 44. Nxe1 Rxe1 45. a5 bxa5 46.
Rxa5 Rb1 47. Rb5 a5 48. Ke4 Re1+ 49. Kf4 Rb1 50. g4 Ra1 51. Rb6+ Kf7 52. Kf5
Ra2 53. f4 a4 54. bxa4 Rxa4 55. c5 Rc4 56. Rc6 Ke7 57. g5 Kd7 58. Rd6+ Ke7 59.
Rd5 Rc1 60. Kg6 Ke6 61. Re5+ Kd7 62. Kf7 Rf1 63. f5 1-0

[Event "4NCL/Div3/CAMB2 vs. GUI5"]
[Site "Staverton Park ENG"]
[Date "2009.02.07"]
[Round "5.4"]
[White "Shaw, Matthew"]
[Black "Lee, Richard"]
[Result "0-1"]
[WhiteElo "1925"]
[BlackElo "1985"]
[PlyCount "86"]
[EventDate "2009.02.07"]
[SourceDate "2008.10.04"]

1. e4 c5 2. Nf3 d6 3. d4 cxd4 4. Nxd4 Nf6 5. Nc3 e6 6. Bg5 h6 7. Bh4 Be7 8. Bg3
O-O 9. Be2 Nc6 10. Qd2 Qb6 11. O-O-O Rd8 12. Kb1 a6 13. f4 Nxd4 14. Qxd4 Qxd4
15. Rxd4 Bd7 16. Rhd1 Bc6 17. Bf3 Rac8 18. e5 dxe5 19. Rxd8+ Rxd8 20. Rxd8+
Bxd8 21. Bxc6 bxc6 22. fxe5 Nh5 23. Bf2 Nf4 24. g3 Ng6 25. Bd4 Bc7 26. Ne4 Nxe5
27. Nc5 a5 28. Na6 Bd6 29. Bc5 Nc4 30. b3 Bxc5 31. Nxc5 Nd6 32. Kb2 e5 33. Ka3
e4 34. Ka4 e3 35. Kxa5 Nb7+ 36. Kb4 Nxc5 37. Kc3 f5 38. b4 Kf7 39. bxc5 g5 40.
Kd3 f4 41. gxf4 gxf4 42. h4 Ke7 43. h5 Kd7 0-1

[Event "4NCL/Div3/CAMB2 vs. GUI5"]
[Site "Staverton Park ENG"]
[Date "2009.02.07"]
[Round "5.5"]
[White "Campbell, Mark"]
[Black "Waldock, Adrian"]
[Result "1/2-1/2"]
[WhiteElo "1984"]
[BlackElo "1925"]
[PlyCount "48"]
[EventDate "2009.02.07"]
[SourceDate "2008.10.04"]

1. e4 c5 2. Nf3 d6 3. d4 cxd4 4. Nxd4 Nf6 5. Nc3 a6 6. f4 e6 7. Qf3 Be7 8. Be3
Qc7 9. g4 Nc6 10. g5 Nd7 11. h4 b5 12. O-O-O Rb8 13. Bh3 Nc5 14. f5 Ne5 15. Qg2
b4 16. Nce2 Nc4 17. Bf2 e5 18. Nb3 Na4 19. g6 hxg6 20. fxg6 f6 21. h5 Naxb2 22.
Rdg1 Nd3+ 23. Kd1 Ndb2+ 24. Kc1 Nd3+ 1/2-1/2

[Event "4NCL/Div3/CAMB2 vs. GUI5"]
[Site "Staverton Park ENG"]
[Date "2009.02.07"]
[Round "5.6"]
[White "Albrecht, Theo"]
[Black "Lim, Mark"]
[Result "1-0"]
[WhiteElo "1840"]
[BlackElo "1908"]
[PlyCount "89"]
[EventDate "2009.02.07"]
[SourceDate "2008.10.04"]

1. e4 e6 2. d3 d5 3. Nd2 Nf6 4. Ngf3 c5 5. c3 Nc6 6. Be2 Be7 7. O-O O-O 8. Qc2
b5 9. Re1 a5 10. a3 Ba6 11. e5 Nd7 12. d4 Qb6 13. Nf1 cxd4 14. cxd4 Rfc8 15.
Qd1 f6 16. Be3 b4 17. Bxa6 Qxa6 18. exf6 Nxf6 19. Ng3 Rc7 20. Bf4 Rb7 21. Rxe6
bxa3 22. bxa3 Qb5 23. a4 Qa6 24. Ne5 Rc8 25. Rc1 Rb6 26. Nxc6 Rcxc6 27. Rcxc6
Rxc6 28. Rxe7 Qc4 29. Qe1 Rc8 30. Qe6+ Kh8 31. Qf7 Rg8 32. Nf5 Qd3 33. Qe6 Qd1+
34. Qe1 Qxa4 35. Nd6 Rf8 36. Be5 Qa3 37. Nf7+ Kg8 38. Bxf6 gxf6 39. Nh6+ Kh8
40. Nf7+ Kg7 41. Nd6+ Kg6 42. Qb1+ f5 43. Re6+ Kg7 44. h3 Qc3 45. Qb7+ 1-0

[Event "4NCL/Div3/NOTT1 vs. OXF2"]
[Site "Staverton Park ENG"]
[Date "2009.02.07"]
[Round "5.1"]
[White "Richmond, Robert J"]
[Black "Chapman, Graham W"]
[Result "1-0"]
[WhiteElo "2223"]
[BlackElo "2080"]
[PlyCount "69"]
[EventDate "2009.02.07"]
[SourceDate "2008.10.04"]

1. d4 Nf6 2. c4 c5 3. d5 e5 4. Nc3 d6 5. e4 Be7 6. Bd3 Nbd7 7. Nge2 a6 8. O-O
h5 9. a3 h4 10. b4 O-O 11. g3 b6 12. Rb1 g6 13. Bh6 Re8 14. Qc1 Nf8 15. f3 N8h7
16. Be3 Bh3 17. Rf2 Bd7 18. Kh1 Nh5 19. Ng1 hxg3 20. hxg3 Nxg3+ 21. Kg2 Nh5 22.
Nce2 Bh4 23. Rf1 Bg5 24. Bxg5 Nxg5 25. bxc5 bxc5 26. f4 Nh7 27. fxe5 Rxe5 28.
Nf3 Re7 29. Rh1 Bg4 30. Nf4 Bxf3+ 31. Kxf3 Ng5+ 32. Kf2 Nxe4+ 33. Bxe4 Rxe4 34.
Nxh5 gxh5 35. Qh6 1-0

[Event "4NCL/Div3/NOTT1 vs. OXF2"]
[Site "Staverton Park ENG"]
[Date "2009.02.07"]
[Round "5.2"]
[White "Bruce, Dave"]
[Black "Levens, David"]
[Result "1-0"]
[WhiteElo "2091"]
[BlackElo "2009"]
[PlyCount "45"]
[EventDate "2009.02.07"]
[SourceDate "2008.10.04"]

1. e4 c5 2. Nf3 d6 3. d4 cxd4 4. Nxd4 Nf6 5. Nc3 g6 6. h3 Bg7 7. Bc4 O-O 8. Bb3
Nc6 9. Be3 Bd7 10. O-O Rc8 11. f4 h5 12. f5 Ne5 13. fxg6 Nxg6 14. Rxf6 Bxf6 15.
Qxh5 e6 16. Rf1 Bg7 17. Nf3 Bf6 18. Ng5 Bxg5 19. Bxg5 Qb6+ 20. Kh1 Qd4 21. Bf6
Qe3 22. Nd5 exd5 23. Bxd5 1-0

[Event "4NCL/Div3/NOTT1 vs. OXF2"]
[Site "Staverton Park ENG"]
[Date "2009.02.07"]
[Round "5.3"]
[White "Kingston, Ian"]
[Black "Stembridge, Ed"]
[Result "1-0"]
[WhiteElo "2023"]
[BlackElo "2062"]
[PlyCount "81"]
[EventDate "2009.02.07"]
[SourceDate "2008.10.04"]

1. d4 Nf6 2. c4 e6 3. Nc3 Bb4 4. Qc2 c5 5. e3 Nc6 6. Nf3 b6 7. Bd3 Ba6 8. O-O
Ba5 9. a3 Qb8 10. Ne4 Bb7 11. Nxf6+ gxf6 12. d5 Ne5 13. Nxe5 fxe5 14. e4 b5 15.
dxe6 fxe6 16. cxb5 Bb6 17. Bg5 Rg8 18. Bh4 Rg4 19. g3 Rxh4 20. gxh4 Qd8 21. Kh1
Qxh4 22. Qc4 d5 23. Qc2 dxe4 24. Bc4 e3+ 25. f3 Rd8 26. Be2 Rd2 27. Qc4 Qxc4
28. Bxc4 e2 29. Rfe1 Bxf3+ 30. Kg1 Rc2 31. Kf2 Bb7 32. b3 Bc7 33. Rxe2 Rc3 34.
Rg1 Rf3+ 35. Ke1 Bd5 36. Rg7 Ba5+ 37. Kd1 Rf1+ 38. Kc2 Bxc4 39. bxc4 Rf4 40.
Rxe5 Rxc4+ 41. Kb3 1-0

[Event "4NCL/Div3/NOTT1 vs. OXF2"]
[Site "Staverton Park ENG"]
[Date "2009.02.07"]
[Round "5.4"]
[White "Morris, Graham"]
[Black "Combie, Alexander"]
[Result "1-0"]
[WhiteElo "2022"]
[BlackElo "1950"]
[PlyCount "67"]
[EventDate "2009.02.07"]
[SourceDate "2008.10.04"]

1. e4 c5 2. Nf3 d6 3. d4 cxd4 4. Nxd4 Nf6 5. Nc3 a6 6. Be3 e5 7. Nb3 Be6 8. f3
Nbd7 9. Qd2 Be7 10. O-O-O b5 11. g4 h6 12. h4 Nb6 13. Qf2 Nfd7 14. Kb1 b4 15.
Nd5 Bxd5 16. exd5 a5 17. Bb5 O-O 18. Bc6 Ra6 19. Qe2 Nb8 20. Rdg1 a4 21. Nd2
Ra5 22. g5 h5 23. g6 Nxc6 24. dxc6 Nd5 25. Nc4 Ra8 26. f4 Nxe3 27. Nxe3 fxg6
28. Rxg6 Rxf4 29. Rhg1 Bf8 30. Nd5 Qxh4 31. Nxf4 Qxf4 32. Qxh5 Ra7 33. Rh6 Qxh6
34. Qxh6 1-0

[Event "4NCL/Div3/NOTT1 vs. OXF2"]
[Site "Staverton Park ENG"]
[Date "2009.02.07"]
[Round "5.5"]
[White "Place, William"]
[Black "Rawlinson, Chris"]
[Result "0-1"]
[WhiteElo "1965"]
[BlackElo "2047"]
[PlyCount "82"]
[EventDate "2009.02.07"]
[SourceDate "2008.10.04"]

1. e4 e6 2. d4 d5 3. Nc3 Nf6 4. Bg5 Be7 5. e5 Nfd7 6. h4 f6 7. exf6 Nxf6 8. Bd3
Nbd7 9. Qe2 c5 10. Qxe6 cxd4 11. Nb5 Nc5 12. Qe2 Nxd3+ 13. Qxd3 Bb4+ 14. Kf1
O-O 15. Nf3 Qb6 16. Nbxd4 Ng4 17. Be3 Bc5 18. Re1 Nxe3+ 19. Rxe3 Bd7 20. Re5
Rxf3 21. gxf3 Bxd4 22. Rxd5 Rd8 23. Qc4 Qa6 24. Qxa6 bxa6 25. Rxd4 Bb5+ 26. c4
Rxd4 27. cxb5 axb5 28. Kg2 Rd2 29. Rb1 b4 30. Kg3 Kf7 31. a3 b3 32. Rc1 Rxb2
33. Rc7+ Ke6 34. Rxa7 Ra2 35. a4 b2 36. Rb7 Kd5 37. f4 Kc4 38. a5 Ra3+ 39. Kg4
Rb3 40. Rc7+ Kb5 41. Rb7+ Ka4 0-1

[Event "4NCL/Div3/NOTT1 vs. OXF2"]
[Site "Staverton Park ENG"]
[Date "2009.02.07"]
[Round "5.6"]
[White "Neatherway, Philip"]
[Black "Thompson, Brian"]
[Result "0-1"]
[WhiteElo "1960"]
[BlackElo "1938"]
[PlyCount "106"]
[EventDate "2009.02.07"]
[SourceDate "2008.10.04"]

1. c4 Nf6 2. Nc3 g6 3. g3 Bg7 4. Bg2 O-O 5. Nf3 d6 6. O-O e5 7. d3 c6 8. h3 Be6
9. Ng5 Bd7 10. e4 h6 11. Nf3 Be6 12. Be3 Qd7 13. Kh2 b5 14. cxb5 cxb5 15. Qd2
Kh7 16. d4 b4 17. d5 bxc3 18. dxe6 Qxe6 19. bxc3 Nc6 20. Nh4 Na5 21. Rfd1 Nc4
22. Qe2 Nxe3 23. Qxe3 Rfc8 24. Rd3 Rc4 25. Nf5 gxf5 26. exf5 Qc8 27. Bxa8 Qxa8
28. Rxd6 Ne4 29. Rd7 Rxc3 30. Qxa7 Qxa7 31. Rxa7 Nxf2 32. Rxf7 Kg8 33. Re7 Ra3
34. Rb1 Ra8 35. Rbb7 Bf8 36. Rxe5 Rxa2 37. Re8 Ne4+ 38. Kg1 Nd6 39. Rxf8+ Kxf8
40. Rb6 Rd2 41. g4 Ke7 42. Rb3 Kf6 43. h4 Rd4 44. Rg3 Ne4 45. Rg2 Rd3 46. Kh2
Nd2 47. Re2 Nf3+ 48. Kg2 Nxh4+ 49. Kf2 Rf3+ 50. Kg1 Rg3+ 51. Kh2 Rxg4 52. Kh3
Rf4 53. Re6+ Kg5 0-1

[Event "4NCL/Div3/FCA2 vs. GLOSG"]
[Site "Staverton Park ENG"]
[Date "2009.02.07"]
[Round "5.1"]
[White "Kendall, Paul S N"]
[Black "Hosken, Nigel"]
[Result "0-1"]
[WhiteElo "2063"]
[BlackElo "2057"]
[PlyCount "66"]
[EventDate "2009.02.07"]
[SourceDate "2008.10.04"]

1. e4 c5 2. c3 d5 3. exd5 Qxd5 4. d4 Nc6 5. Nf3 Bg4 6. Be2 cxd4 7. cxd4 e6 8.
O-O Nf6 9. Be3 Bd6 10. Nc3 Qa5 11. h3 Bh5 12. Qb3 Qb4 13. Qxb4 Nxb4 14. Bb5+
Ke7 15. g4 Bg6 16. Ne1 Nfd5 17. a3 Nxe3 18. fxe3 Nd5 19. Ng2 Nxc3 20. bxc3 Rhc8
21. Rfe1 h5 22. Be2 hxg4 23. hxg4 Be4 24. Kf2 Rc7 25. Bf3 Bxf3 26. Kxf3 Rac8
27. Rab1 Bxa3 28. Rh1 b6 29. Rh7 Rxc3 30. Rxg7 Rh8 31. Rg5 Rh3+ 32. Kf2 Rc2+
33. Kg1 Rg3 0-1

[Event "4NCL/Div3/FCA2 vs. GLOSG"]
[Site "Staverton Park ENG"]
[Date "2009.02.07"]
[Round "5.2"]
[White "Lambourne, Daniel M"]
[Black "Borrowdale, Graham"]
[Result "1/2-1/2"]
[WhiteElo "2003"]
[BlackElo "2035"]
[PlyCount "91"]
[EventDate "2009.02.07"]
[SourceDate "2008.10.04"]

1. Nf3 Nf6 2. d4 e6 3. e3 b6 4. c4 Bb7 5. Nc3 Bb4 6. Bd2 O-O 7. Bd3 d6 8. a3
Bxc3 9. Bxc3 Nbd7 10. O-O Qe7 11. Nd2 e5 12. Bf5 e4 13. Qc2 Rfe8 14. Rae1 a5
15. f3 g6 16. Bxd7 Nxd7 17. fxe4 Bxe4 18. Nxe4 Qxe4 19. Qf2 f5 20. Qf3 Nf6 21.
h3 d5 22. c5 Qxf3 23. gxf3 Re6 24. cxb6 cxb6 25. Kf2 Ne8 26. Re2 Nd6 27. Rfe1
Rae8 28. a4 Rc8 29. Rc1 b5 30. axb5 Nxb5 31. Ra1 Nxc3 32. bxc3 Ra6 33. Ra3 a4
34. Rb2 Rc7 35. Rb5 Rd7 36. Rb4 Rda7 37. c4 dxc4 38. Rxc4 Kf7 39. e4 Ke6 40.
Ke3 fxe4 41. fxe4 Kf6 42. Rc5 Rb7 43. Kd3 h5 44. Kc4 Re7 45. Kb5 Ree6 46. e5+
1/2-1/2

[Event "4NCL/Div3/FCA2 vs. GLOSG"]
[Site "Staverton Park ENG"]
[Date "2009.02.07"]
[Round "5.3"]
[White "Elwin, Adrian G"]
[Black "Gilmour, Andrew J"]
[Result "1-0"]
[WhiteElo "2009"]
[BlackElo "2070"]
[PlyCount "49"]
[EventDate "2009.02.07"]
[SourceDate "2008.10.04"]

1. d4 c5 2. dxc5 e6 3. c4 Nf6 4. Nc3 Bxc5 5. e3 Nc6 6. Nf3 O-O 7. Be2 a6 8. O-O
d5 9. cxd5 exd5 10. a3 Be6 11. b4 Bd6 12. Bb2 Rc8 13. Rc1 Qe7 14. Bd3 Bg4 15.
h3 Bh5 16. g4 Nxg4 17. hxg4 Bxg4 18. Nxd5 Qe6 19. Nf4 Qh6 20. Kg2 Ne5 21. Bxe5
Rxc1 22. Qxc1 Rc8 23. Qa1 g5 24. Rh1 Bxe5 25. Nxe5 1-0

[Event "4NCL/Div3/FCA2 vs. GLOSG"]
[Site "Staverton Park ENG"]
[Date "2009.02.07"]
[Round "5.4"]
[White "Meade, Philip J"]
[Black "Valentine, Brian J"]
[Result "1/2-1/2"]
[WhiteElo "2055"]
[BlackElo "1997"]
[PlyCount "58"]
[EventDate "2009.02.07"]
[SourceDate "2008.10.04"]

1. e4 e5 2. Nf3 Nc6 3. Bb5 Nf6 4. O-O Nxe4 5. Re1 Nd6 6. Bxc6 dxc6 7. Nxe5 Be7
8. d4 O-O 9. Bf4 Be6 10. Nd2 Nf5 11. c3 c5 12. dxc5 Bxc5 13. Ne4 Be7 14. Qa4
Qe8 15. Qxe8 Rfxe8 16. b3 Rac8 17. Rad1 f6 18. Nf3 g5 19. Bc1 Kf7 20. h3 Rcd8
21. Rxd8 Bxd8 22. g4 Bd5 23. Nexg5+ fxg5 24. Ne5+ Kg7 25. gxf5 Bf6 26. f4 gxf4
27. Bxf4 b5 28. Re3 Re7 29. Ng4 Rxe3 1/2-1/2

[Event "4NCL/Div3/FCA2 vs. GLOSG"]
[Site "Staverton Park ENG"]
[Date "2009.02.07"]
[Round "5.5"]
[White "Matthews, Adrian"]
[Black "Taylor, Geoffrey P"]
[Result "1/2-1/2"]
[WhiteElo "1924"]
[BlackElo "2019"]
[PlyCount "69"]
[EventDate "2009.02.07"]
[SourceDate "2008.10.04"]

1. e4 c5 2. c3 e6 3. d4 d5 4. e5 Nc6 5. Nf3 Qb6 6. Bd3 cxd4 7. cxd4 Bd7 8. O-O
Nge7 9. Na3 Nb4 10. Bb1 Nec6 11. Nc2 Be7 12. a3 Nxc2 13. Bxc2 a5 14. b3 Rc8 15.
Bb2 Na7 16. Re1 Rc7 17. h4 h6 18. h5 Bb5 19. Re3 Kd7 20. Rc3 Rhc8 21. Rxc7+
Rxc7 22. Rc1 Qa6 23. Bb1 Rxc1 24. Qxc1 Bd3 25. Qd1 Bxb1 26. Qxb1 Qe2 27. Qc1
Nc6 28. Qd2 Qxd2 29. Nxd2 b5 30. Kf1 a4 31. b4 Na7 32. f4 Nc8 33. Ke2 Nb6 34.
Nb1 Kc6 35. Bc1 1/2-1/2

[Event "4NCL/Div3/FCA2 vs. GLOSG"]
[Site "Staverton Park ENG"]
[Date "2009.02.07"]
[Round "5.6"]
[White "Dodwell, Phil"]
[Black "Shaw, John S"]
[Result "1-0"]
[WhiteElo "2005"]
[BlackElo "1895"]
[PlyCount "77"]
[EventDate "2009.02.07"]
[SourceDate "2008.10.04"]

1. e4 c5 2. Nc3 Nc6 3. Bb5 g6 4. Bxc6 dxc6 5. f4 Bg7 6. Nf3 Nf6 7. O-O Nd7 8.
d3 e5 9. Qe1 exf4 10. Bxf4 O-O 11. Kh1 Re8 12. Qf2 f6 13. Be3 b6 14. a4 Ne5 15.
Qg3 Qe7 16. Bf4 Bd7 17. h3 Kh8 18. Rf2 Rad8 19. Nxe5 fxe5 20. Bg5 Qd6 21. Bxd8
Rxd8 22. Raf1 Be6 23. Qg5 Rf8 24. Rxf8+ Bxf8 25. h4 Bg7 26. h5 gxh5 27. Qxh5
Qd7 28. Qg5 a6 29. Rf3 b5 30. Rg3 h6 31. Qh4 Qf7 32. Rf3 Qg6 33. axb5 cxb5 34.
Nd5 Qg4 35. Qxg4 Bxg4 36. Rf7 Bd1 37. Ne3 Be2 38. Nf5 Bg4 39. Nxg7 1-0

[Event "4NCL/Div3/HACK vs. FPONTY"]
[Site "Staverton Park ENG"]
[Date "2009.02.07"]
[Round "5.2"]
[White "Adams, Mark A"]
[Black "Lee, Martin"]
[Result "0-1"]
[WhiteElo "2033"]
[BlackElo "2050"]
[PlyCount "94"]
[EventDate "2009.02.07"]
[SourceDate "2008.10.04"]

1. e4 e6 2. d4 d5 3. Nc3 Bb4 4. exd5 exd5 5. Bd3 Nf6 6. a3 Bxc3+ 7. bxc3 O-O 8.
Qf3 Re8+ 9. Ne2 Bg4 10. Qg3 Bxe2 11. Bxe2 Qe7 12. Qd3 Ne4 13. O-O Nxc3 14. Qxc3
Qxe2 15. Qxc7 Qe7 16. Qa5 Nc6 17. Qd2 Qf6 18. c3 Na5 19. Qd3 Nc4 20. Ra2 Qg6
21. Qxg6 hxg6 22. Rd1 Re6 23. Kf1 Rae8 24. a4 Ra6 25. Bf4 Rf6 26. Bg5 Rb6 27.
Re1 Rxe1+ 28. Kxe1 Rb1+ 29. Ke2 Rb2+ 30. Rxb2 Nxb2 31. a5 f6 32. Bf4 Nc4 33.
Bc7 Kf7 34. Kd3 Ke6 35. a6 bxa6 36. Bb8 a5 37. Bxa7 a4 38. Kc2 Kf5 39. Bc5 g5
40. Ba7 g4 41. Bb8 Ke4 42. Bc7 f5 43. Bd8 f4 44. Be7 g6 45. Bg5 f3 46. g3 a3
47. Kb3 Kd3 0-1

[Event "4NCL/Div3/HACK vs. FPONTY"]
[Site "Staverton Park ENG"]
[Date "2009.02.07"]
[Round "5.3"]
[White "Shaw, Dashiell L"]
[Black "Robinson, David"]
[Result "1/2-1/2"]
[WhiteElo "1940"]
[BlackElo "1987"]
[PlyCount "102"]
[EventDate "2009.02.07"]
[SourceDate "2008.10.04"]

1. e4 d5 2. exd5 Qxd5 3. Nc3 Qa5 4. d4 c6 5. Nf3 Nf6 6. Bc4 Bg4 7. Bd2 e6 8. h3
Bh5 9. O-O Nbd7 10. Re1 Bb4 11. a3 Bxc3 12. Bxc3 Qc7 13. Qe2 O-O 14. Qe3 Bg6
15. Rac1 b5 16. Bb3 a5 17. Ne5 Nxe5 18. dxe5 Nd5 19. Bxd5 cxd5 20. Bd4 Rfc8 21.
c3 Qc4 22. b4 Qb3 23. Bc5 Qxa3 24. Ra1 Qb3 25. Rxa5 Rxa5 26. bxa5 Qc4 27. Bb4
Qe4 28. Qxe4 Bxe4 29. f3 Bc2 30. Kf2 g6 31. g4 g5 32. Rc1 Bb3 33. Ke3 Kg7 34.
h4 f6 35. exf6+ Kxf6 36. hxg5+ Kxg5 37. Rh1 Kg6 38. f4 Rc4 39. Rb1 Bc2 40. Rb2
Bd1 41. Ra2 Re4+ 42. Kd3 Bb3 43. Ra3 Bc4+ 44. Kd2 Rxf4 45. a6 d4 46. a7 Rf2+
47. Ke1 Rf1+ 48. Kd2 Rf2+ 49. Ke1 Rf1+ 50. Kd2 Rf2+ 51. Ke1 Rf1+ 1/2-1/2

[Event "4NCL/Div3/HACK vs. FPONTY"]
[Site "Staverton Park ENG"]
[Date "2009.02.07"]
[Round "5.5"]
[White "Rivlin, Mark"]
[Black "James, Dai"]
[Result "1/2-1/2"]
[WhiteElo "1795"]
[BlackElo "1994"]
[PlyCount "89"]
[EventDate "2009.02.07"]
[SourceDate "2008.10.04"]

1. e4 e6 2. d4 d5 3. e5 c5 4. c3 Qb6 5. Nf3 Bd7 6. Be2 Bb5 7. O-O Bxe2 8. Qxe2
Nc6 9. Be3 cxd4 10. cxd4 Nge7 11. Nc3 a6 12. Rad1 h5 13. h3 Nf5 14. a3 Qd8 15.
Qd3 Nh4 16. Ng5 Be7 17. f4 Nf5 18. Rf3 h4 19. b4 b5 20. Ne2 Qd7 21. Rf2 Rc8 22.
Rc1 f6 23. Nf3 Kf7 24. Kh2 Rc7 25. Rg1 a5 26. Bd2 axb4 27. exf6 gxf6 28. axb4
Bxb4 29. g4 Nd6 30. g5 f5 31. Ne5+ Nxe5 32. fxe5 Ne4 33. g6+ Kg7 34. Bxb4 Nxf2
35. Qe3 Ne4 36. Bd6 Rc2 37. Rg2 Rhc8 38. Bc5 Nxc5 39. dxc5 Qe7 40. Qf3 Qxc5 41.
Qh5 Rh8 42. Qg5 Rf8 43. Qh5 Rh8 44. Qg5 Rf8 45. Qh5 1/2-1/2

[Event "4NCL/Div3/HACK vs. FPONTY"]
[Site "Staverton Park ENG"]
[Date "2009.02.07"]
[Round "5.6"]
[White "Warden, Peter"]
[Black "Perryman, Dylan"]
[Result "1/2-1/2"]
[WhiteElo "1472"]
[BlackElo "1755"]
[PlyCount "82"]
[EventDate "2009.02.07"]
[SourceDate "2008.10.04"]

1. e4 c5 2. Nf3 Nc6 3. d4 cxd4 4. Nxd4 Nf6 5. Nc3 e5 6. Nb3 Bb4 7. Bg5 O-O 8.
Bd3 Nd4 9. O-O Ne6 10. Bxf6 Qxf6 11. Nd5 Qg6 12. Nxb4 Nf4 13. Qf3 d6 14. Nd5
Nxd5 15. exd5 f5 16. Qg3 Qf6 17. f3 f4 18. Qe1 Qg5 19. Kh1 Bd7 20. Nd2 Qh5 21.
Ne4 Rad8 22. Qe2 Bc8 23. b4 Kh8 24. c4 Bf5 25. g3 Bxe4 26. g4 Bxd3 27. Qxd3 Qf7
28. Qe4 Qe7 29. Rg1 Qg5 30. Rac1 Rf7 31. Rg2 Rc7 32. c5 Qe7 33. Rgc2 Rdc8 34.
c6 b6 35. b5 Qf7 36. h4 Qe7 37. Rh2 Kg8 38. g5 Kh8 39. Rg1 Rf8 40. h5 Kg8 41.
a4 a5 1/2-1/2

[Event "4NCL/Div3/KJCAK vs. SCS"]
[Site "Staverton Park ENG"]
[Date "2009.02.07"]
[Round "5.1"]
[White "Jones, William"]
[Black "Bigio, Jacob"]
[Result "1-0"]
[WhiteElo "2030"]
[BlackElo "2035"]
[PlyCount "41"]
[EventDate "2009.02.07"]
[SourceDate "2008.10.04"]

1. e4 e6 2. d4 d5 3. Nc3 Bb4 4. e5 c5 5. a3 Bxc3+ 6. bxc3 Qc7 7. Qg4 f5 8. Qg3
Nc6 9. Nf3 cxd4 10. cxd4 Nge7 11. Bd2 f4 12. Qxg7 Rg8 13. Qxh7 Nxd4 14. Qh5+
Kd8 15. Nxd4 Nf5 16. Nf3 Qxc2 17. Qf7 Qe4+ 18. Be2 Rxg2 19. Qf8+ Kd7 20. Kf1
Rg7 21. Bb5+ 1-0

[Event "4NCL/Div3/KJCAK vs. SCS"]
[Site "Staverton Park ENG"]
[Date "2009.02.07"]
[Round "5.2"]
[White "Fonseca, Antonio"]
[Black "Jones, Victor"]
[Result "1/2-1/2"]
[WhiteElo "1875"]
[BlackElo "1993"]
[PlyCount "99"]
[EventDate "2009.02.07"]
[SourceDate "2008.10.04"]

1. e4 c5 2. Nf3 d6 3. Bc4 Nc6 4. h3 e6 5. d3 Be7 6. c3 Nf6 7. Be3 O-O 8. Nbd2
d5 9. Bb5 Qb6 10. Bxc6 bxc6 11. e5 Nd7 12. b3 f6 13. exf6 Bxf6 14. Rc1 e5 15.
c4 h6 16. Nb1 Be7 17. O-O Qc7 18. Qe2 a5 19. Rcd1 Nf6 20. Bc1 Bd6 21. Nbd2 Bf5
22. Bb2 Rae8 23. Rfe1 e4 24. dxe4 Nxe4 25. Nxe4 Bxe4 26. Nh4 d4 27. Qh5 Re5 28.
Qg4 Bf5 29. Nxf5 Rexf5 30. f3 Kh8 31. Bc1 Qf7 32. Re4 g5 33. Re2 h5 34. Qe4 g4
35. hxg4 hxg4 36. Qxg4 Qh7 37. Re6 Bh2+ 38. Kf2 Rg8 39. Qh3 Qxh3 40. gxh3 Rg3
41. Rd3 Rxh3 42. Rxc6 Be5 43. Rh6+ Rxh6 44. Bxh6 Rh5 45. Bd2 Bc7 46. f4 Kg7 47.
Rg3+ Kf6 48. Rg5 Rh2+ 49. Rg2 Rxg2+ 50. Kxg2 1/2-1/2